<?xml version="1.0" encoding="UTF-8"?><?xml-stylesheet type="text/xsl" href="static/style.xsl"?><OAI-PMH xmlns="http://www.openarchives.org/OAI/2.0/" xmlns:xsi="http://www.w3.org/2001/XMLSchema-instance" xsi:schemaLocation="http://www.openarchives.org/OAI/2.0/ http://www.openarchives.org/OAI/2.0/OAI-PMH.xsd"><responseDate>2026-04-17T11:01:08Z</responseDate><request verb="GetRecord" identifier="oai:riubu.ubu.es:10259/5021" metadataPrefix="marc">https://riubu.ubu.es/oai/request</request><GetRecord><record><header><identifier>oai:riubu.ubu.es:10259/5021</identifier><datestamp>2022-04-26T11:42:11Z</datestamp><setSpec>com_10259_2699</setSpec><setSpec>col_10259_2713</setSpec></header><metadata><record xmlns="http://www.loc.gov/MARC21/slim" xmlns:doc="http://www.lyncode.com/xoai" xmlns:xsi="http://www.w3.org/2001/XMLSchema-instance" xmlns:dcterms="http://purl.org/dc/terms/" xsi:schemaLocation="http://www.loc.gov/MARC21/slim http://www.loc.gov/standards/marcxml/schema/MARC21slim.xsd">
<leader>00925njm 22002777a 4500</leader>
<datafield tag="042" ind1=" " ind2=" ">
<subfield code="a">dc</subfield>
</datafield>
<datafield tag="720" ind1=" " ind2=" ">
<subfield code="a">Stange, Carlos Eduardo Bittencourt</subfield>
<subfield code="e">author</subfield>
</datafield>
<datafield tag="260" ind1=" " ind2=" ">
<subfield code="c">2018</subfield>
</datafield>
<datafield tag="520" ind1=" " ind2=" ">
<subfield code="a">La presente tesis es un trabajo de investigación sobre la enseñanza de Ciencias en la enseñanza fundamental- series finales-, en el sistema de Enseñanza Brasileño, cuyo ob-jetivo principal consiste en ofrecer a los profesores en formación, así como a los profe-sores ejercicio, algunas condiciones instrumentales a través de sugerencias de indicado-res para evaluar propuestas de actividades prácticas; así como una comprensión inter-disciplinaria y crítica sobre la Ciencia y su enseñanza.&#xd;
Este estudio se desarrolló a través de una investigación mixta, cuali y cuantitativa, si-guiendo una línea metodológica de investigación-acción, con una recopilación de datos procedentes de observaciones directas, declaraciones de los participantes y de respues-tas a los ejercicios del pretest y postest, con delineamiento pre-experimental. El marco teórico se basa en la Teoría de la Formación del Espíritu Científico de Bachelard, de la Ecología Conceptual y del Modelo Argumentativo de Toulmin y del Aprendizaje Signi-ficativo Crítico de Moreira.</subfield>
</datafield>
<datafield tag="520" ind1=" " ind2=" ">
<subfield code="a">This thesis presents a research on science teaching education methodology for lower to upper education levels, in the Brazilian teaching system. It aims at offering instrumental conditions to in-service teachers and those already in practice. It applies to such praxis some suggestions of evaluating indicators that derived from classroom activities pro-posals. It deals with an interdisciplinary and critical comprehension of science and its teaching.&#xd;
This study used standards of qualitative-quantitative research that follows an action-research methodology. Data collection was carried out using direct observations, the participants’ statements, and pre and post-tests activities within a pre-experimental de-sign. The theoretical framework was based on Bachelard's theories about the scientific spirit, on Toulmin' s Conceptual Ecology and Argumentative Model, and on Moreira's Critical Meaningful Learning.</subfield>
</datafield>
<datafield tag="024" ind2=" " ind1="8">
<subfield code="a">http://hdl.handle.net/10259/5021</subfield>
</datafield>
<datafield tag="024" ind2=" " ind1="8">
<subfield code="a">10.36443/10259/5021</subfield>
</datafield>
<datafield ind1=" " ind2=" " tag="653">
<subfield code="a">Actividades prácticas</subfield>
</datafield>
<datafield ind1=" " ind2=" " tag="653">
<subfield code="a">Practical activities</subfield>
</datafield>
<datafield ind1=" " ind2=" " tag="653">
<subfield code="a">Evaluation indexes</subfield>
</datafield>
<datafield ind1=" " ind2=" " tag="653">
<subfield code="a">Critical meaningful learning</subfield>
</datafield>
<datafield ind1=" " ind2=" " tag="653">
<subfield code="a">Science teaching methodology</subfield>
</datafield>
<datafield ind1=" " ind2=" " tag="653">
<subfield code="a">Pedagogical practice</subfield>
</datafield>
<datafield ind1=" " ind2=" " tag="653">
<subfield code="a">Indicadores de evaluación</subfield>
</datafield>
<datafield ind1=" " ind2=" " tag="653">
<subfield code="a">Aprendizaje significativo crítico</subfield>
</datafield>
<datafield ind1=" " ind2=" " tag="653">
<subfield code="a">Metodologías de enseñanza de ciencias</subfield>
</datafield>
<datafield ind1=" " ind2=" " tag="653">
<subfield code="a">Ejercicio pedagógico</subfield>
</datafield>
<datafield tag="245" ind1="0" ind2="0">
<subfield code="a">Indicadores de avaliaçâo sobre propostas de atividades práticas: instrumentaçâo para professores de ciências em formaçâo</subfield>
</datafield>
</record></metadata></record></GetRecord></OAI-PMH>